History Quiz

Random History or Famous Quiz

Famous Battles of the Ancient World Quiz Stats

 Plays Quiz not verified by Sporcle

Challenge
Share
Tweet
Embed
Score 0/19 Timer 10:00
0 Plays Today
Combatants Battle % Correct
Xerxes I (Persia) vs. Leonidas (Sparta) & Themistocles (Athens)Thermopylae
87.5%
Hannibal (Carthage) vs. Varro (Rome) & Paullus (Rome)Cannae
77.7%
Scipio Africanus (Rome) vs. Hannibal (Carthage)Zama
71.3%
Eurybiades (Sparta) & Themistocles (Athens) vs. Xerxes I (Persia)Salamis
68.9%
Octavian (Rome) vs. Mark Antony (Rome & Egypt)Actium
62.8%
Alexander (Greece/Macedon) vs. Darius III (Persia)Gaugamela
58.8%
Julius Caesar (Rome) vs. Vercingetorix (Gaul)Alesia
56.7%
Ramesses II (Egypt) vs. Muwatalli II (Hittites)Qadesh
55.8%
Arminius (Germania) vs. Varrus (Rome)Teutoburg Forest
52.4%
Various Goths (Goths) vs. Valens (Rome)Adrianople
48.8%
Combatants Battle % Correct
Hannibal (Carthage) vs. Flaminius (Rome)Lake Trasimene
44.5%
Julius Caesar (Rome) vs. Pompey (Rome)Pharsalus
43%
Constantine (Rome) vs. Maxentius (Rome)Milvian Bridge
42.7%
Philip II (Macedon) vs. Chares (Athens)Chaeronea
22.6%
Necho II (Egypt) vs. Josiah (Judah)Megiddo
22%
Pyrrhus (Epirus) vs. Dentatus (Rome)Beneventum
19.8%
Lysander (Sparta) vs. Conon (Athens)Aegospotami
19.2%
Demosthenes (Athens) vs. Thrasymelidas (Sparta)Pylos
17.4%
Crassus (Rome) vs. Spartacus (Rebel)Siler River
14.6%

You're not logged in!

Compare scores with friends on all Sporcle quizzes.
Join for Free
OR
Log In

You Might Also Like...

Show Comments

Extras

Top Quizzes Today


Score Distribution

Your Account Isn't Verified!

In order to create a playlist on Sporcle, you need to verify the email address you used during registration. Go to your Sporcle Settings to finish the process.

Report this User

Report this user for behavior that violates our Community Guidelines.

Details: